Culture Générale - Série 2066 - Statistiques

Statistiques générales
  • Ce quiz a été pris 102 fois
  • Le résultat moyen est 4 sur 10
Statistiques - réponses
Question Réponse % Correct
Quel philosophe et écrivain français a refusé le prix Nobel de littérature en 1964 ? voir photo Jean Paul Sartre
87%
Quelle est la capitale de l'Ouzbékhistan ? Tachkent
57%
Qui fut successivement ministre d'Anne d'Autriche et de Louis XIV et mourut en 1661? Mazarin
52%
Ce mot désigne une brosse cylindrique pour nettoyer les bouteilles ou un instrument liturgique servant à l'aspersion d'eau bénite. goupillon
45%
Sous la présidence de quel président des Etats Unis la Louisiane a-t-elle été achetée à la France en 1803 ? Thomas Jefferson
41%
Quel abrisseau est appelé aussi coudrier ? noisetier
37%
De quel état des Etats-Unis Topéka est-elle la capitale ? Kansas
36%
Quel pays africain jusqu'en 1976 avait comme capitale Lourenço Marques ? Mozambique
32%
Quel coureur néerlandais a remporté le Tour de France en 1980 ? Joop Zoetemelk
8%
Qu est l'auteur du roman Sapho en 1884 ? Alphonse Daudet
6%
Aucun quiz correspondant
Distribution des résultats
% des personnes avec chaque résultat
Percentile par nombre de réponses
Votre historique - résultats
Vous n’avez pas pris ce quiz